Harry Potter A-Z - Statistics

General Stats
  • This quiz has been taken 3,184 times
  • The average score is 20 of 26
Answer Stats
Hint Answer % Correct
F Twin 1 Fred
98%
G Twin 2 George
98%
D Headmaster Dumbledore
97%
H Harry's owl Hedwig
97%
B Marries Fleur Bill
94%
N Snake Nagini
94%
R Hogwarts house Ravenclaw
91%
C ^'s eldest brother Charlie
90%
K Quidditch position Keeper
90%
A Moody's first name Alastor
89%
O Fifth Year exams O.W.L
89%
U Worst teacher ever Umbridge
87%
V Evil Voldemort
86%
I An unforgivable curse Imperio
82%
M Harry's nemesis Malfoy
82%
J Lee's last name Jordan
81%
W Instrument of magic Wand
77%
Q Qudditch ball Quaffle
76%
P Other language Harry speaks Parseltongue
74%
X Luna's dad Xenophillius
73%
T Pub in Hogsmeade Three Broomsticks
65%
Z Joke shop Zonko's
63%
L Voldemort's lieutenant Lestrange
47%
S Minister after Fudge Scrimgeour
44%
Y Different name for V You know who
38%
E Owl store Eeylops
25%
No matching quizzes found
Score Distribution
Percent of People with Each Score
Percentile by Number Answered
Your Score History
You have not taken this quiz